00762nam a2200217Ii 45000010005000000030009000050080041000140400033000550410008000880820016000961000027001122450025001392640078001643000012002423360026002543370028002803380027003089400050003359990017003859520142004025729CO-ViMGA241108s9999||||xx |||||||||||||| ||und|| aCO-ViMGAbspaerdacCO-ViMGA0 aunk04a843.8-G616p1 aEmilio Gaboriau95432410a proceso Lerouge 1a[Lugar de publicación no identificado] : Editorial Ramón Sopena, 1959 avolumen atextbtxt2rdacontent aunmediatedbn2rdamedia avolumebnc2rdacarrier aidficha_siabuc: 5583. -- ficha_no_siabuc:5729 c51266d51266 001040708001aMEVIGERRbMEVIGERRcGENd2006-11-27hVol.1o843.8-G616ppECA4895r2024-11-26 10:02:40tEj.1w2024-11-26yBKz5583 | 7837